The Teddy Bears': Daring rescue. (Record no. 102920)
[ view plain ]
| 000 -LEADER | |
|---|---|
| fixed length control field | 00692nam a2200205 a 4500 |
| 005 - DATE AND TIME OF LATEST TRANSACTION | |
| control field | 20140412111245.0 |
| 008 - FIXED-LENGTH DATA ELEMENTS--GENERAL INFORMATION | |
| fixed length control field | 010810s19uu xx 00 eng d |
| 050 ## - LIBRARY OF CONGRESS CALL NUMBER | |
| Classification number | ER |
| Item number | Te22Da 1992 |
| 245 ## - TITLE STATEMENT | |
| Title | The Teddy Bears': Daring rescue. |
| 260 ## - PUBLICATION, DISTRIBUTION, ETC. (IMPRINT) | |
| Place of publication, distribution, etc | Montreal, Canada : |
| Name of publisher, distributor, etc | Tormont Publications Inc., |
| Date of publication, distribution, etc | 1992. |
| 300 ## - PHYSICAL DESCRIPTION | |
| Extent | 1v. (unp.) ; ill. |
| 440 ## - SERIES STATEMENT/ADDED ENTRY--TITLE | |
| Title | The Teddy Bears Adventure Books |
| 520 ## - SUMMARY, ETC. | |
| Summary, etc | Ragtime and BB are playing happily until they hear a shout of help from a little bear who stuck up a tree. We must go to the rescue says BB. |
| 650 ## - SUBJECT ADDED ENTRY--TOPICAL TERM | |
| Topical term or geographic name as entry element | Rescue--Fiction |
| 650 ## - SUBJECT ADDED ENTRY--TOPICAL TERM | |
| Topical term or geographic name as entry element | Bears--Fiction |
| 650 ## - SUBJECT ADDED ENTRY--TOPICAL TERM | |
| Topical term or geographic name as entry element | Children stories |
| Withdrawn status | Lost status | Damaged status | Use restrictions | Home library | Current library | Shelving location | Date acquired | Source of acquisition | Total Checkouts | Full call number | Barcode | Date last seen | Price effective from | Koha item type |
|---|---|---|---|---|---|---|---|---|---|---|---|---|---|---|
| Elizalde Library | Elizalde Library | Easy Reading Section | 08/10/2001 | ER Te22Da 1992 | E3248 | 04/12/2014 | 04/12/2014 | Books | ||||||
| Elizalde Library | Elizalde Library | Easy Reading Section | 01/16/2003 | ER Te22Da 1992 | E3249 | 04/12/2014 | 04/12/2014 | Books | ||||||
| Elizalde Library | Elizalde Library | Easy Reading Section | 03/28/2003 | ER Te22Da 1992 | E9004 | 04/12/2014 | 04/12/2014 | Books |